| 000 | 01409nam0a2200349 4500 | ||
|---|---|---|---|
| 001 | RU\NLR\ONL2\12967 | ||
| 005 | 20250613131108.0 | ||
| 010 |
_a978-5-295-04574-5 _99400 |
||
| 035 | _a(NLR Aleph) 009660553 | ||
| 090 |
_a9611526 _c9611526 |
||
| 100 | _a20031105d2009 |||y0rusy50 ca | ||
| 101 | 0 | _abak | |
| 102 | _aRU | ||
| 105 | _aa ||||||||| | ||
| 200 | 1 |
_aБулэк _eрус мэкт. уkыусы башkорт балалары өсөн элифба _fХ. А. Толомбаев, М. С. Дэулэтшина |
|
| 205 | _a17-се баçма | ||
| 210 |
_aӨфө _cКитап _d2009 |
||
| 215 |
_a127 б. _cил. _d25 |
||
| 300 | _aНа обл. авт. не указаны. | ||
| 541 | 1 |
_6z01790 _aПодарок _eбукварь для учащихся-башкир шк. с рус. яз. обучения. _zrus |
|
| 606 | 0 |
_aБашкирский язык _xБуквари _92175505 _3RU\NLR\auth-onl\66134 |
|
| 686 | 1 | _aШ163.22-93рус21[1]б | |
| 700 | 1 |
_aТоломбаев _bХ. А. _gХэсэн Абдулла улы _4070 |
|
| 701 | 1 |
_aДэулэтшина _bМ. С. _gМэрхэбэ Сэйэфэр кызы _4070 |
|
| 790 | 1 |
_6z01541 _aТулумбаев _bХ. А. _gХасан Абдуллович _4070 |
|
| 801 | 0 |
_aRU _bNLR _c20090305 _gPSBO |
|
| 852 |
_aNLR _bОНЛ _jБашк./4-488 |
||
| 942 | _cBOOK | ||
| 980 | _aNB | ||
| 980 | _aONL_RF | ||